000 00608nam a2200253Ia 4500
005 20260121153828.0
008 008 260114s9999 xx 000 0 eng d
020 _a9781003064862
037 _aEBOOK
040 _aCRL
040 _beng
040 _cCRL
041 _2eng
041 _aeng
084 _qCRL
100 _aS.P. Singh; J.H. Burry
_9999635
245 0 _anonlinear analysis and applications
260 _bTaylor and Francis
260 _c1982
856 _uhttp://www.taylorfrancis.com/books/9781003064862
942 _cEBOOK
999 _c1566456
_d1566456